[Event "Gorges op 28th"]
[Site "Gorges"]
[Date "2018.07.07"]
[Round "2"]
[White "Nicolas, Aurore"]
[Black "Allard Nedellec, Guilhem"]
[Result "1-0"]
[WhiteElo "1394"]
[BlackElo "1468"]
[PlyCount "27"]
[EventDate "2018.07.07"]
[EventType "swiss"]
[EventRounds "5"]
[EventCountry "FRA"]
[SourceTitle "EXT 2020"]
[Source "ChessBase"]
[SourceDate "2019.10.17"]
[SourceVersion "1"]
[SourceVersionDate "2019.10.17"]
[SourceQuality "1"]

1. e4 e5 2. Nf3 Nc6 3. Bc4 Bc5 4. b4 Bxb4 5. c3 Ba5 6. 0-0 d6 7. d4 exd4 8. cxd4 h6 9. Qb3 Qe7 10. Ba3 Qf6 11. e5 dxe5 12. Nxe5 Nge7 13. Bxf7+ Kf8 14. Ng6+ 1-0